00523nam a2200133Ia 4500008004100000024005600041082002000097100006800117245010100185260002600286600002700312650003300339999001700372260210s9999 xx 000 0 und d a09B-34-EE, 09B-25-EE, 09B-58-EE & 09B-30-EE a629.8932072 OME aOmer Farooq Ghias, Irfan Ali, Umar Qadeer & Jawad Ghazanfar 0aIndustrial Packet Sorting PLC Based Robotic Arm and its Complete Control System Through DC Motor aKarachi:bUITU,c2009 aElectronic Engineering aBachelor of Engineering (BE) c33069d33069